LEADER 01184nam0 22003131i 450 001 RML0299140 005 20231121125741.0 010 $a041502708X 100 $a20121121d1974 ||||0itac50 ba 101 | $aeng 102 $agb 181 1$6z01$ai $bxxxe 182 1$6z01$an 200 1 $aThelfth night$f[William Shakespeare]$gEdited by J.M.Lothian and T.W.Craik 210 $aLondon and New York $cRoutledge $d©1974 215 $aXCVIII,188 p.$d21 cm 225 | $a˜The œArden Shakespeare. - London $eMethuen & Co LTD 410 0$1001RML0333068$12001 $a˜The œArden Shakespeare. - London $eMethuen & Co LTD 700 1$aShakespeare$b, William$3RMLV160972$0132200 702 1$aCraik$b, T.W.$3RMLV193130 702 1$aLothian$b, J.M.$3RMLV193131 801 3$aIT$bIT-01$c20121121 850 $aIT-FR0017 899 $aBiblioteca umanistica Giorgio Aprea$bFR0017 912 $aRML0299140 950 0$aBiblioteca umanistica Giorgio Aprea$d 52CIS 10/1765$e 52VM 0000690335 VM barcode:67301-10. - Inventario:11499 FLSVM$fA $h20070605$i20121204 977 $a 52 996 $aThelfth night$93629525 997 $aUNICAS